the vamps "can we dance" all lyrics - Statistics

General Stats
  • This quiz has been taken 133 times
  • The average score is 391 of 452
Answer Stats
Hint Answer % Correct
chorus | verse 2 I
99%
i
99%
a
98%
can
98%
dance
98%
fast
98%
go
98%
little
98%
talk
98%
to
98%
we
98%
baby
97%
drink
97%
drinking
97%
im
97%
Im
97%
know
97%
lot
97%
of
97%
shit
97%
so
97%
when
97%
you
97%
You
97%
and
95%
But
95%
but
95%
her
95%
Her
95%
in
95%
all
94%
Dont
94%
dont
94%
friend
94%
my
94%
My
94%
that
94%
the
94%
crazy
93%
have
93%
like
93%
say
93%
small
93%
too
93%
friends
92%
id
92%
romance
92%
skip
92%
only
91%
theyre
91%
again
88%
Thats
88%
another
86%
girl
86%
mind
86%
should
85%
Should
85%
verse 1 Here
84%
more
84%
pre-chorus Oh
84%
oh
84%
me
83%
one
82%
stay
82%
known
81%
caving
78%
mouth
77%
words
77%
falling
76%
she
76%
then
76%
keep
75%
cant
74%
from
74%
might
73%
just
72%
Just
72%
Stupid
72%
well
72%
mean
70%
else
69%
maybe
69%
away
68%
for
68%
hands
68%
are
66%
though
65%
Your
65%
naughty
63%
eyes
60%
let
59%
someone
59%
were
59%
doing
58%
butterflies
57%
think
57%
bridge Ive
56%
meant
56%
what
56%
slip
55%
ear
53%
things
53%
been
52%
boy
52%
rude
52%
Take
52%
take
52%
Whispering
52%
back
51%
bad
51%
not
51%
somewhere
51%
ten
50%
perfect
49%
any
48%
need
48%
this
48%
took
48%
was
48%
came
47%
Please
45%
pushy
45%
hearts
44%
stand
44%
door
41%
change
40%
shell
39%
vibe
39%
Killed
38%
nearly
36%
place
35%
cause
34%
lead
34%
break
32%
bring
30%
type can we dance :) can we dance
28%
barley
10%
Itll
7%
No matching quizzes found
Score Distribution
Percent of People with Each Score
Percentile by Number Answered
Your Score History
You have not taken this quiz